Visualizzazione normale
Vista MARC
- Casey
di Personal Name
Records bibliografici associati: 1
001 - CONTROL NUMBER
- control field: 28764
003 - CONTROL NUMBER IDENTIFIER
- control field: IT-RoPau
005 - DATE AND TIME OF LATEST TRANSACTION
- control field: 20140610220459.0
008 - FIXED-LENGTH DATA ELEMENTS
- fixed length control field: 140610|| aca||aabn | a|a d
040 ## - CATALOGING SOURCE
- Original cataloging agency: IT-RoPau
- Transcribing agency: IT-RoPau
100 ## - HEADING--PERSONAL NAME
- Personal name: Casey
- Miscellaneous information: Codice autore testo/musica SPICS: 20242
- Relator term: Autore testo/musica
- Name of part/section of a work: Sweet Georgia Brown
670 ## - SOURCE DATA FOUND
- Source citation: Work cat.: (IT-RoPau)99355: AA.VV. 794, Sweetie Pie